| 000 | 01314cam a22003254a 4500 | ||
|---|---|---|---|
| 005 | 20260322212055.0 | ||
| 008 | data | ||
| 010 | _a 2002030675 | ||
| 020 | _a0743229975 | ||
| 020 | _a9780743229975 | ||
| 040 |
_aDLC _cDLC _dDLC |
||
| 042 | _apcc | ||
| 050 | 0 | 0 |
_aHG179 _b.G317 2003 |
| 082 | 0 | 0 |
_a332.024/01 _221 |
| 092 | _a332.02 G317 2003 | ||
| 100 | 1 |
_aGardner, David, _d1966- |
|
| 245 | 1 | 4 |
_aThe Motley Fool personal finance workbook : _ba foolproof guide to organizing your cash and building wealth / _cDavid Gardner, Tom Gardner & Motley Fool, Inc. |
| 246 | 3 | 0 |
_aPersonal finance workbook : _ba foolproof guide to organizing your cash and building wealth |
| 260 |
_aNew York : _bFireside Book, _cc2003. |
||
| 300 |
_axiii, 236 p. : _bill. ; _c28 cm. |
||
| 500 | _aIncludes index. | ||
| 650 | 0 | _aFinance, Personal. | |
| 700 | 1 |
_aGardner, Tom, _d1968- |
|
| 710 | 2 | _aMotley Fool, Inc. | |
| 856 | 4 | 2 |
_3Contributor biographical information _uhttp://www.loc.gov/catdir/bios/simon053/2002030675.html |
| 856 | 4 | 2 |
_3Publisher description _uhttp://www.loc.gov/catdir/description/simon034/2002030675.html |
| 856 | 4 | 1 |
_3Table of contents only _uhttp://www.loc.gov/catdir/enhancements/fy0630/2002030675-t.html |
| 856 | 4 | 1 |
_3Sample text _uhttp://www.loc.gov/catdir/enhancements/fy0640/2002030675-s.html |
| 001 | data | ||
| 999 |
_c1309 _d1309 |
||